=LDR 00000nam 2200000 4500 =001 INLIS000000000036644 =005 20130612142423 =008 ***********************************Ind** =035 ##$$0010-061300000036644 =041 ##$$a Ind =082 ##$$a 641.5 =090 ##$$a 641.5, Erw g =100 ##$$a Erwin, Lily T =245 ##$$a Gemar makan ikan, 25 cita rasa cumi dan sotong, Lily T Erwin ; editor, Intarina Hardiman =260 ##$$a 2011 $b Jakarta =300 ##$$a 54 hlm, ilus, 21 cm =650 ##$$a Masakan (ikan)-resep =850 ##$$a NBPNMAT